000 00314nam a2200133Ia 4500
008 100328s9999 xx 000 0 und d
082 _b1709
100 _aFender P.G.H.
245 _aAn ABC Of Cricket
260 _bArthur Barker
630 _aAn ABC Of Cricket
730 _aAn ABC Of Cricket
942 _cBOOK
999 _c497962
_d497959